000 00721nam a2200205 i 4500
001 93280
003 ES-MaACL
005 20230906181149.0
007 t|
008 050509s1965 pr ||||1| spa d
080 _a821.134.2(729.5) Lair, Clara 1.06
080 _a821.134.2(729.5) Burgos, Julia de 1.06
100 1 _aCuchí Coll, Isabel.
_941955
245 1 0 _aDos poetisas de América
_b: Clara Lair, Julia de Burgos /
_cpor Isabel Cuchi Coll.
260 _aSan Juan, Puerto Rico :
_b[s.n.],
_c1965.
300 _a45 p. :
_bil. ;
_c21 cm.
600 1 4 _aLair, Clara-
_xCrítica e interpretación.
_969697
600 1 4 _aBurgos, Julia de-
_xCrítica e interpretación.
_932658
852 _aES-MaACL
_j2188-F-14
_bR.135941
999 _c93280
_d93280